What is knowledge?

Saved in:
Bibliographic Details
Main Author: Pears, David Francis
Format: Book
Language:English
Published: New York, Harper & Row [1971]
Series:Harper essays in philosophy
Harper torchbooks
Subjects:
LEADER 00903nam a2200265 4500
001 c000140260
003 CARM
005 00000000000000.0
008 710812s1971 nyu b 00010 eng
019 1 |a 538620  |5 LACONCORD2021 
020 |a 0061315869 
035 |a (OCoLC)155752  |5 LACONCORD2021 
050 0 0 |a BD161  |b .P4 1971 
100 1 |a Pears, David Francis. 
245 1 0 |a What is knowledge?  |c [By] David Pears. 
260 |a New York,  |b Harper & Row  |c [1971] 
300 |a vii, 106 p.  |c 21 cm. 
490 0 |a Harper essays in philosophy 
490 0 |a Harper torchbooks 
504 |a Bibliography: p. [105]-106. 
650 0 |a Knowledge, Theory of. 
852 8 |b CARM  |h A2:AE35A0  |i B00113  |p 0005895  |f BK 
082 0 4 |a 121 
999 f f |i eca73ae2-e302-5306-b82f-a2369a3bdcd0  |s 2123880c-054e-57a8-ba1b-f875e3c89db9 
952 f f |p Can circulate  |a CAVAL  |b CAVAL  |c CAVAL  |d CARM 1 Store  |e B00113  |f A2:AE35A0  |h Other scheme  |i book  |m 0005895